Regulatórny kapitál podľa BASEL III

Regulatórny kapitál v kontexte BASEL II v podmienkach Slovenskej republiky. Revízia BASEL II v podmienkach Slovenskej republiky. Regulatórny kapitál v kontexte BASEL III.

Guardado en:
Detalles Bibliográficos
Autor principal: Vovk, Martin, 1976-
Formato: Capítulo de libro
Lenguaje:eslovaco
Materias:
Etiquetas: Agregar Etiqueta
Sin Etiquetas, Sea el primero en etiquetar este registro!

MARC

LEADER 00000nla a2200000 4500
001 0175033
005 20240502073002.5
041 0 |a slo 
044 |a SK 
245 1 0 |a Regulatórny kapitál podľa BASEL III  |c Martin Vovk 
520 |a Regulatórny kapitál v kontexte BASEL II v podmienkach Slovenskej republiky. Revízia BASEL II v podmienkach Slovenskej republiky. Regulatórny kapitál v kontexte BASEL III. 
610 2 0 |a banky 
610 2 0 |a financie 
610 2 0 |a kapitál 
610 2 0 |a zdroje finančné 
610 2 0 |a zdroje finančné vlastné 
610 2 0 |a nástroje finančné 
610 2 0 |a smernice 
610 2 0 |a regulácia 
610 2 0 |a Európska únia 
610 2 0 |a Slovensko 
100 1 |a Vovk, Martin, 1976-